000 00874nam a2200205 a 4500
001 000042355
005 20201002040112.0
008 131127s1999 sp ab 000 0 spa d
040 _aDO-SdBNP
_bspa
_cBNPHU
082 _axxxx
_bxxxx
245 0 0 _aA Historia no Eixo Atlántico =A História no Eixo Atlântico /
_cL. Xulio Carballo Arceo... [et. al.] ; coordinación /coordenação Xosé Manuel Souto González.
246 1 _aA História no Eixo Atlântico
260 _aVigo, España :
_bEixo Atlántico do Noroeste Peninsular,
_c1999.
300 _a272 p. :
_bil., mapas ;
_c21 cm.
500 _aIncluye referencias bibliográficas y notas al pie de las páginas.
504 _aIncluye bibliografía al final de cada capítulo
590 _aInventariado, 2019/BT
700 1 2 _aSouto González, Xosé Manuel,
_ecoor.
_969427
700 1 2 _aCarballo Arceo, Luis Xulio
_969428
999 _c41844
_d41844